000 00529nam a22001817a 4500
003 OSt
005 20140310181755.0
008 130629t xxu||||| |||| 00| 0 eng d
020 _a9789715182942
050 _aCB 1530
_b.V864 2009
082 _aFIL 372.64
_bV65p 2009
100 _aVizcarra, Natasha
245 _aAng pintor ni Garu :
_bgaru's painter /
_cNatasha Vizcarra.
260 _aManila, Philippines :
_bLampara Publishing House, Inc.,
_c2009.
300 _a32 p. :
_bill.;
_c23 cm.
942 _2lcc
_cBK
999 _c3391
_d3391